| 000 | 00688nam a22002052 4500 | ||
|---|---|---|---|
| 001 | 0000025318 | ||
| 005 | 20151021153304.0 | ||
| 008 | 150618s xx 000 0 eng d | ||
| 040 |
_aKABU _cKABU |
||
| 100 | 1 |
_aMakungu, Lyndah. _@0000185904 |
|
| 245 | 1 | 0 |
_aEffects of sports sponsorship on performance of Kenyan firms involved in sports / _cby Liyndah Makungu. |
| 260 |
_aNakuru : _bKabarak university, _c2014. |
||
| 300 | _axi, 76 p. | ||
| 650 | 0 |
_aSports sponsorship. _@0000185905 |
|
| 650 | 0 |
_aSports _xMarketing. _@0000178574 |
|
| 700 | 1 |
_aNjehia, Bernard. _@0000185906 |
|
| 908 | _a150618 | ||
| 950 | _@1 | ||
| 999 |
_c1808 _d1808 |
||